|
|
|
|
| LEADER |
00000nam0a2200000 4500 |
| 001 |
166909 |
| 005 |
20231101222644.0 |
| 010 |
|
|
|a 9785862255676
|
| 035 |
|
|
|a (RuTPU)RU\TPU\book\181042
|
| 090 |
|
|
|a 166909
|
| 100 |
|
|
|a 20091009d2009 m y0rusy50 ca
|
| 101 |
0 |
|
|a rus
|
| 102 |
|
|
|a RU
|
| 105 |
|
|
|a a j 000zy
|
| 200 |
1 |
|
|a Культурология
|e учебное пособие
|f Ю. Я. Малюга
|g Московский государственный индустриальный университет (МГИУ) ; Рутения
|
| 210 |
|
|
|a Москва
|c Инфра-М
|d 2009
|
| 215 |
|
|
|a 333 с.
|c ил.
|
| 225 |
1 |
|
|a Высшее образование
|
| 330 |
|
|
|a Пособие предназначено для студентов негуманитарных вузов. В краткой, конспективной форме излагаются основные теоретические положения и концепции культурологии; в сжатых очерках описаны основные комплексы культурных явлений, определяющих специфику ряда обществ прошлого. Пособие охватывает большую часть курса и призвано дать студентам исходные ориентации для изучения многообразных духовных течений и осознания их подлинного значения в жизни общества.
|
| 451 |
|
1 |
|0 (RuTPU)RU\TPU\book\6555
|y 5-86225-5672
|t Культурология
|o учебное пособие
|f Ю. Я. Малюга
|c М.
|n Инфра-М
|d 1998
|p 333 с.
|s Высшее образование
|a Малюга, Юрий Ярославович
|
| 606 |
1 |
|
|a Культурология
|2 stltpush
|3 (RuTPU)RU\TPU\subj\67420
|9 83233
|
| 610 |
1 |
|
|a культура
|
| 610 |
1 |
|
|a история
|
| 610 |
1 |
|
|a материальная культура
|
| 610 |
1 |
|
|a Древний Египет
|
| 610 |
1 |
|
|a восточная культура
|
| 610 |
1 |
|
|a индийская культура
|
| 610 |
1 |
|
|a китайская культура
|
| 610 |
1 |
|
|a исламская культура
|
| 610 |
1 |
|
|a архитектура
|
| 610 |
1 |
|
|a искусство
|
| 610 |
1 |
|
|a поэзия
|
| 610 |
1 |
|
|a проза
|
| 610 |
1 |
|
|a античная культура
|
| 610 |
1 |
|
|a древнегреческая культура
|
| 610 |
1 |
|
|a древнеримская культура
|
| 610 |
1 |
|
|a православная культура
|
| 610 |
1 |
|
|a византийская культура
|
| 610 |
1 |
|
|a русская культура
|
| 610 |
1 |
|
|a 4 век
|
| 610 |
1 |
|
|a 5 век
|
| 610 |
1 |
|
|a 6 век
|
| 610 |
1 |
|
|a 7 век
|
| 610 |
1 |
|
|a 8 век
|
| 610 |
1 |
|
|a 9 век
|
| 610 |
1 |
|
|a 10 век
|
| 610 |
1 |
|
|a 11 век
|
| 610 |
1 |
|
|a 12 век
|
| 610 |
1 |
|
|a 13 век
|
| 610 |
1 |
|
|a 14 век
|
| 610 |
1 |
|
|a 15 век
|
| 610 |
1 |
|
|a 16 век
|
| 610 |
1 |
|
|a 17 век
|
| 610 |
1 |
|
|a 18 век
|
| 610 |
1 |
|
|a 19 век
|
| 610 |
1 |
|
|a христианская культура
|
| 610 |
1 |
|
|a западноевропейская культура
|
| 610 |
1 |
|
|a протестанская культура
|
| 610 |
1 |
|
|a гуманизм
|
| 610 |
1 |
|
|a Возрождение
|
| 610 |
1 |
|
|a Реформация
|
| 610 |
1 |
|
|a рококо
|
| 610 |
1 |
|
|a реализм
|
| 610 |
1 |
|
|a сентиментализм
|
| 610 |
1 |
|
|a классицизм
|
| 610 |
1 |
|
|a художественная культура
|
| 610 |
1 |
|
|a символизм
|
| 610 |
1 |
|
|a экспрессионизм
|
| 610 |
1 |
|
|a примитивизм
|
| 610 |
1 |
|
|a импрессионизм
|
| 610 |
1 |
|
|a постимпрессионизм
|
| 610 |
1 |
|
|a модерн
|
| 610 |
1 |
|
|a фовизм
|
| 610 |
1 |
|
|a кубизм
|
| 610 |
1 |
|
|a футуризм
|
| 610 |
1 |
|
|a дадаизм
|
| 610 |
1 |
|
|a поп-арт
|
| 610 |
1 |
|
|a абстракционизм
|
| 610 |
1 |
|
|a сюрреализм
|
| 610 |
1 |
|
|a новый реализм
|
| 610 |
1 |
|
|a учебные пособия
|
| 686 |
|
|
|a Ч111я73
|v LBC/SL-A
|2 rubbk
|
| 700 |
|
1 |
|a Малюга
|b Ю. Я.
|g Юрий Ярославович
|
| 712 |
0 |
2 |
|a Московский государственный индустриальный университет (МГИУ)
|2 stltpush
|3 (RuTPU)RU\TPU\col\11073
|
| 712 |
0 |
2 |
|a Рутения
|c Межгосударственный университет
|c (Москва)
|c (1994-2003)
|2 stltpush
|3 (RuTPU)RU\TPU\col\15690
|9 26227
|
| 801 |
|
1 |
|a RU
|b 63413507
|c 20091009
|
| 801 |
|
2 |
|a RU
|b 63413507
|c 20150609
|g RCR
|
| 900 |
|
|
|a Культурология
|
| 942 |
|
|
|c BK
|
| 959 |
|
|
|a 103/20091007
|d 2
|e 109,90
|f АНЛ:1
|f ЧЗГЛ:1
|